000 00991nam a2200289Ia 4500
005 20220316235547.0
008 121119s1995 ck a gr 000 0 spa
020 _a9589578357
041 0 _aspa
082 0 4 _aR 598.0723
_bU73C
100 1 _aUribe Hurtado, Cristina
_d1956-
245 1 0 _aInsectos del llano
_cJulián Adolfo Salazar, Jesús Hernando Vélez ; fotografía, Cristina Uribe Hurtado
250 _aPrimera edición
300 _a104 páginas
_bilustraciones
490 0 _aNaturaleza de la Orinoquia
650 1 4 _aAnimales
_xHábitos y conducta
_2LEMB
650 1 4 _aInsectos
_xHábitos y conducta
_2LEMB
650 1 4 _aEntomología
_zColombia
_2LEMB
700 1 _aVélez, Jesús Hernando
_938860
700 1 _aUribe Hurtado, Cristina
_920914
942 _2ddc
_cREF
264 _aBogotá
_bCristina Uribe
_c1995
336 _atexto
_btxt
_2rdacontent
337 _asin mediación
_bn
_2rdamedia
338 _avolumen
_bnc
_2rdacarrier
040 _aCO-BoRNBP
_bspa
_erda
_cCO-BoRNBP
999 _c1365
_d1365